| 000 | 00570nam a22001937a 4500 | ||
|---|---|---|---|
| 003 | OSt | ||
| 008 | 250318b |||||||| |||| 00| 0 eng d | ||
| 082 |
_a574.192 _bK98H |
||
| 100 | _aKumari, Dimple. | ||
| 245 |
_aHypoxic and Post-Hypoxic Induction of and+ Alcohol Dehydrogenase and Superoxide Dismutase og Zea Mays L. Seedlings / _cby Dimple Kumari |
||
| 260 |
_a.- Pusa, Samastipur _b: RAU _c, 2004 |
||
| 300 | _a57p. | ||
| 502 | _bM.Sc. | ||
| 650 | _aBiochemistry | ||
| 650 | _aHypoxic and Post-Hypoxic | ||
| 650 | _aThesis | ||
| 650 | _aM.Sc. | ||
| 942 |
_2ddc _cT |
||
| 999 |
_c47687 _d47687 |
||